La historia rural de las sociedades medievales europeas: tendencias y perspectivas

Gespeichert in:
Bibliographische Detailangaben
1. Verfasser: Alfonso Antón, María Isabel (VerfasserIn)
Format: Buch
Sprache:Spanisch
Veröffentlicht: Valencia Universitat de Valencia 2008
Schriftenreihe:Historia
Schlagworte:
Tags: Tag hinzufügen
Keine Tags, Fügen Sie den ersten Tag hinzu!

MARC

LEADER 00000nam a2200000 a 4500
001 UCH1405
003 CL-VaPUC
008 090427e20080000SP |||||||||||||||||spa|d
020 |a 9788437070438 
082 0 4 |a 940.1  |b ALF  |2 21 
100 0 |a Alfonso Antón, María Isabel  |e author  |9 535892 
245 1 3 |a La historia rural de las sociedades medievales europeas: tendencias y perspectivas 
300 |a 305 p 
942 |c BK 
945 |d 20090427 00:00:00  |a rbrito 
260 |a Valencia  |b Universitat de Valencia  |c 2008 
650 0 |a Edad media  |9 258041 
650 0 |a Vida rural  |9 373430 
650 7 |a TRABAJADORES AGRICOLAS  |2 CL-VaPUC  |9 315709 
650 0 |a Historiografía   |9 257871 
650 7 |a CAMPESINOS  |2 CL-VaPUC  |9 315355 
651 0 |a Europa  |9 255156 
583 |a last modification  |c 20190726 02:53:03  |k Rodrigo Vera 
490 0 |a Historia 
999 |c 333455  |d 333453 
952 |0 0  |1 0  |4 0  |6 940_100000000000000_ALF_2008  |7 0  |8 A  |9 421868  |a BIBHIS  |b BIBHIS  |d 2019-11-22  |i 4539303  |o 940.1 ALF 2008  |p 4539303  |r 2025-01-20  |w 2019-11-22  |y BK  |k HIS 
952 |0 0  |1 0  |4 0  |6 940_100000000000000_ALF_2008  |7 0  |8 A  |9 421869  |a BIBHIS  |b BIBHIS  |d 2019-11-22  |i 4606809  |o 940.1 ALF 2008  |p 4606809  |r 2025-01-20  |w 2019-11-22  |y BK  |k HIS